|
|
|
|
| LEADER |
00000nam a2200000Ia 4500 |
| 008 |
180710b1998 sp ||||| |||| 00| | spa d |
| 999 |
|
|
|c 2244
|d 2244
|
| 090 |
|
|
|a 18.03.00
|b 1030
|
| 100 |
|
|
|a Del Rincon, Delio
|9 3969
|
| 245 |
1 |
0 |
|a Técnicas de Investigación en Ciencias Sociales /
|c Delio del Rincón
|
| 260 |
|
|
|a España :
|b Dykinson,
|c 1998
|
| 300 |
|
|
|a 426 páginas
|
| 650 |
1 |
4 |
|a INVESTIGACIÓN SOCIAL
|9 290
|
| 650 |
1 |
4 |
|a INVESTIGACIÓN CUALITATIVA
|9 317
|
| 650 |
1 |
4 |
|a MEDIOS AUDIOVISUALES
|9 3970
|
| 700 |
1 |
|
|a Arnal, Justo
|9 3971
|
| 700 |
|
|
|a Latorre, Antonio
|9 1071
|
| 700 |
|
|
|a Sans, Antoni
|9 3972
|
| 942 |
|
|
|i 001785
|h 18.03.00 1030
|2 z
|c 01
|